| 000 -LEADER |
| fixed length control field |
00491cam a22001337a 4500 |
| 008 - FIXED-LENGTH DATA ELEMENTS--GENERAL INFORMATION |
| fixed length control field |
180718b1955 xxu||||| |||| 00| 0 eng d |
| 082 ## - DEWEY DECIMAL CLASSIFICATION NUMBER |
| Classification number |
I5135x54 In2 1953 |
| 100 ## - MAIN ENTRY--PERSONAL NAME |
| Personal name |
States reorganisation commission |
| 245 ## - TITLE STATEMENT |
| Title |
Report of the states reorganisation commission |
| Statement of responsibility, etc. |
by States reorganisation commission |
| 260 ## - PUBLICATION, DISTRIBUTION, ETC. |
| Place of publication, distribution, etc. |
Delhi |
| Name of publisher, distributor, etc. |
The Manager Of Publiactions |
| Date of publication, distribution, etc. |
1955 |
| 300 ## - PHYSICAL DESCRIPTION |
| Extent |
ii, 267p |
| 650 ## - SUBJECT ADDED ENTRY--TOPICAL TERM |
| Topical term or geographic name entry element |
State governments --India. |
| 650 ## - SUBJECT ADDED ENTRY--TOPICAL TERM |
| Topical term or geographic name entry element |
India (Republic) States Reorganization Commission. Report |